000 00621nam a22002417a 4500
003 UA-OsUOA
001 64391
007 ta
008 20091104b un ||||| |||| 00| 0 ukr d
100 _aЛарічев П.О.
090 _a512
_bЛ25
942 _cBK
040 _aUA-OsUOA
_bukr
_cUA-OsUOA
_dUA-OsUOA
245 _aЗбірник задач з алгебри
_bДля 6 - 8 класів
300 _a280 с.
955 _a2
041 _aukr
080 _a512
260 _aК.
_bРадянська школа
_c1964
246 3 1 _aЧастина 1
_n
650 7 _a512 Алгебра
_2UDC
999 _c350329
_d350329